000 00336nam a22001457a 4500
008 210311b ||||| |||| 00| 0 eng d
020 _a0881750042
041 _aeng
080 _22nd
_a004
082 _22nd
_a004
100 _a35
101 _aSHKI
245 _aFoundomentals of Programming Languages
_cHorowitz,E
942 _2udc
_cBK
999 _c56418
_d56418